[Event "Schachfestival 2012"]
[Site "Bad Wörishofen"]
[Date "2012.03.08"]
[Round "7.21"]
[White "De Andres Gonalons, Fern"]
[Black "Guttenthaler, Franz"]
[Result "1-0"]
[WhiteElo "2084"]
[BlackElo "2204"]
[PlyCount "61"]
[EventDate "2012.??.??"]

1. d4 Nf6 2. c4 e6 3. Nf3 b6 4. a3 Ba6 5. e3 d5 6. Nc3 Bd6 7. Qb3 c6 8. Bd3 O-O
9. O-O Nbd7 10. Rd1 Qc8 11. e4 dxe4 12. Nxe4 Nxe4 13. Bxe4 Nf6 14. Bd3 h6 15.
h3 c5 16. dxc5 Qxc5 17. Be3 Qh5 18. Be2 Bc5 19. Nd4 Qg6 20. Bf3 Bxd4 21. Rxd4
e5 22. Rd6 e4 23. Be2 Bc8 24. Bd4 Be6 25. Bxf6 Qxf6 26. Rad1 Qe5 27. R6d4 Rfe8
28. Qe3 Bf5 29. b4 Rac8 30. Rd5 Qc7 31. Rxf5 1-0

[Event "Schachfestival 2012"]
[Site "Bad Wörishofen"]
[Date "2012.03.08"]
[Round "7.41"]
[White "Heinich, Manfred"]
[Black "Weisenburger, Horst"]
[Result "0-1"]
[WhiteElo "2060"]
[BlackElo "2154"]
[PlyCount "58"]
[EventDate "2012.??.??"]

1. d4 g6 2. c4 Bg7 3. Nc3 c5 4. d5 Bxc3+ 5. bxc3 f5 6. g3 Nf6 7. Bg2 Qa5 8. Qb3
d6 9. Nh3 Nbd7 10. Nf4 Ne5 11. Nd3 Nfd7 12. h4 Qa6 13. h5 Rg8 14. hxg6 hxg6 15.
Bg5 Qxc4 16. Qc2 Nf7 17. Bc1 Nf6 18. Rh4 Ne4 19. Bb2 Bd7 20. a4 g5 21. Rh2
O-O-O 22. a5 Rh8 23. Rxh8 Rxh8 24. f3 Nxg3 25. e3 Bb5 26. Nf2 Ne5 27. f4 Nf3+
28. Kd1 Qxd5+ 29. Kc1 Ne2+ 0-1

[Event "Schachfestival 2012"]
[Site "Bad WÃ¶rishofen"]
[Date "2012.03.08"]
[Round "7.18"]
[White "Bartels, Holger"]
[Black "Calzetta, Monica"]
[Result "0-1"]
[WhiteElo "2122"]
[BlackElo "2300"]
[PlyCount "62"]
[EventDate "2012.??.??"]

1. e4 c5 2. Nf3 Nc6 3. d4 cxd4 4. Nxd4 Nf6 5. Nc3 d6 6. Bg5 g6 7. Be2 Bg7 8.
Nb3 O-O 9. Qd2 a5 10. a4 Be6 11. Ra3 Rc8 12. Bh6 Bxh6 13. Qxh6 Nb4 14. Bd3
Nxd3+ 15. cxd3 Qb6 16. Nb5 Ng4 17. Qd2 Bxb3 18. Rxb3 Rc1+ 19. Qxc1 Qxf2+ 20.
Kd1 Ne3+ 21. Qxe3 Qxe3 22. Re1 Qf2 23. Re2 Qg1+ 24. Kd2 Qxh2 25. Nc7 Qf4+ 26.
Re3 e6 27. Rxb7 Rc8 28. Nb5 Qf1 29. Re1 Qxg2+ 30. Re2 Qg1 31. Nc3 h5 0-1

[Event "Schachfestival 2012"]
[Site "Bad WÃ¶rishofen"]
[Date "2012.03.08"]
[Round "7.45"]
[White "König, Falk"]
[Black "Mattes, Heinz"]
[Result "1-0"]
[WhiteElo "2116"]
[BlackElo "1991"]
[PlyCount "51"]
[EventDate "2012.??.??"]

1. e4 e6 2. d4 d5 3. Nc3 Nf6 4. e5 Nfd7 5. Nce2 c5 6. c3 Nc6 7. f4 Qb6 8. Nf3
cxd4 9. cxd4 f6 10. Nc3 a6 11. Bd3 Be7 12. h4 O-O 13. Bxh7+ Kxh7 14. Ng5+ Kg6
15. Qd3+ f5 16. h5+ Kh6 17. Qg3 Nxd4 18. Nf7+ Kh7 19. Qg6+ Kg8 20. Nh8 Qd8 21.
h6 Bh4+ 22. Kd1 Qe7 23. Rxh4 Rf6 24. exf6 Qxf6 25. Qxf6 Nxf6 26. Ng6 1-0

[Event "Schachfestival 2012"]
[Site "Bad WÃ¶rishofen"]
[Date "2012.03.08"]
[Round "7.56"]
[White "Klügel, Jan"]
[Black "Kretschel, Klaus"]
[Result "0-1"]
[WhiteElo "1925"]
[BlackElo "2037"]
[PlyCount "54"]
[EventDate "2012.??.??"]

1. d4 f5 2. e3 Nf6 3. c4 g6 4. Nc3 Bg7 5. Bd3 d6 6. Nf3 Nbd7 7. Ng5 Nf8 8. f4
c6 9. b3 Bd7 10. Qe2 h6 11. Nf3 Qc7 12. e4 fxe4 13. Nxe4 O-O-O 14. Rb1 Nxe4 15.
Bxe4 Bg4 16. h3 Bxf3 17. Bxf3 Bxd4 18. Bb2 Qa5+ 19. Qd2 Qxd2+ 20. Kxd2 Bxb2 21.
Rxb2 Nd7 22. Bg4 h5 23. Be6 Rdf8 24. Ke3 Rf6 25. Bxd7+ Kxd7 26. Rd2 Rhf8 27. g3
h4 0-1

[Event "Schachfestival 2012"]
[Site "Bad WÃ¶rishofen"]
[Date "2012.03.08"]
[Round "7.82"]
[White "Sonnhalter, Stella"]
[Black "Taufratshofer, Martin"]
[Result "0-1"]
[WhiteElo "1788"]
[BlackElo "1965"]
[PlyCount "32"]
[EventDate "2012.??.??"]

1. e4 g6 2. d4 Bg7 3. Nc3 d6 4. f4 Nf6 5. Nf3 O-O 6. Bc4 Bg4 7. O-O e6 8. Be3
Nbd7 9. Qd2 Bxf3 10. Rxf3 Ng4 11. Raf1 c5 12. dxc5 Nxe3 13. Qxe3 dxc5 14. e5
Nb6 15. Qe2 Qd4+ 16. R1f2 Qxc4 0-1

[Event "Schachfestival 2012"]
[Site "Bad WÃ¶rishofen"]
[Date "2012.03.09"]
[Round "8.1"]
[White "Korchnoi, Viktor"]
[Black "Andreev, Eduard"]
[Result "1/2-1/2"]
[WhiteElo "2549"]
[BlackElo "2478"]
[PlyCount "102"]
[EventDate "2012.??.??"]

1. d4 Nf6 2. c4 e6 3. Nf3 c5 4. Nc3 cxd4 5. Nxd4 Nc6 6. a3 Be7 7. e4 O-O 8. Nf3
b6 9. Bf4 Bb7 10. Be2 Rc8 11. O-O Na5 12. Nd2 d6 13. Re1 Nd7 14. Nb5 e5 15. Be3
Nc6 16. Bg4 Rb8 17. b4 a6 18. Nc3 Nd4 19. Nd5 Ne6 20. Nf3 b5 21. Nd2 Bg5 22.
Bxe6 fxe6 23. Qg4 exd5 24. Bxg5 Nf6 25. Qe6+ Kh8 26. c5 h6 27. Bh4 dxc5 28.
bxc5 dxe4 29. Bxf6 Rxf6 30. Qxe5 Qf8 31. Nxe4 Bxe4 32. Rxe4 Rc8 33. Qg3 Qxc5
34. Rae1 Rcf8 35. R4e2 Qd6 36. Qc3 Qc6 37. Qb2 Qb6 38. h3 a5 39. Rd1 b4 40.
axb4 Qxb4 41. Qe5 Rf5 42. Qa1 Qb7 43. Rd6 Kh7 44. Qd4 Rg5 45. Qd3+ Kh8 46. Re4
Qb2 47. Qe3 Qb1+ 48. Kh2 Qf1 49. Rg4 Rxg4 50. hxg4 Qxf2 51. Rxh6+ gxh6 1/2-1/2

[Event "Schachfestival 2012"]
[Site "Bad WÃ¶rishofen"]
[Date "2012.03.09"]
[Round "8.3"]
[White "Epishin, Vladimir"]
[Black "Zude, Arno"]
[Result "1-0"]
[WhiteElo "2559"]
[BlackElo "2442"]
[PlyCount "89"]
[EventDate "2012.??.??"]

1. d4 Nf6 2. c4 e6 3. Nf3 d5 4. Bg5 Be7 5. Nbd2 Nbd7 6. e3 h6 7. Bh4 O-O 8. Be2
b6 9. O-O Bb7 10. cxd5 Nxd5 11. Bg3 c5 12. Nc4 N7f6 13. dxc5 Bxc5 14. a3 b5 15.
Nce5 a6 16. Qb3 Nb6 17. Nd3 Be7 18. Rfc1 Rc8 19. Rxc8 Qxc8 20. Be5 Qa8 21. Bd4
Nfd7 22. Rc1 Rc8 23. Qd1 f6 24. Rxc8+ Qxc8 25. Nd2 e5 26. Bc3 Bd5 27. Bb4 Nc5
28. Nxc5 Bxc5 29. Ba5 Na4 30. b3 Bb6 31. bxa4 Bxa5 32. axb5 axb5 33. Nb3 Bxb3
34. Qxb3+ Kh8 35. Bxb5 Qc3 36. Qa4 Qc7 37. Bd3 Qc1+ 38. Bf1 Qc3 39. g3 e4 40.
Qe8+ Kh7 41. Qxe4+ g6 42. Qe7+ Kg8 43. Qe6+ Kg7 44. Qd7+ Kh8 45. Qf7 1-0

[Event "Schachfestival 2012"]
[Site "Bad WÃ¶rishofen"]
[Date "2012.03.09"]
[Round "8.4"]
[White "Mainka, Romuald"]
[Black "Lötscher, Roland"]
[Result "0-1"]
[WhiteElo "2481"]
[BlackElo "2368"]
[PlyCount "82"]
[EventDate "2012.??.??"]

1. e4 c5 2. Nf3 g6 3. d4 cxd4 4. Nxd4 Nf6 5. Nc3 d6 6. g3 Nc6 7. Bg2 Nxd4 8.
Qxd4 Bg7 9. O-O O-O 10. Qb4 a5 11. Qb3 Nd7 12. Be3 Nc5 13. Qa3 Bd7 14. Rfd1 Rc8
15. Nd5 e6 16. Nf4 b5 17. c3 Qc7 18. Rac1 Rfd8 19. Bd4 Bh6 20. b4 Na4 21. bxa5
Bc6 22. Bf6 e5 23. Nh3 Re8 24. Bg5 Bf8 25. Be3 Qxa5 26. f4 exf4 27. Nxf4 d5 28.
Qb3 dxe4 29. Kh1 Nc5 30. Bxc5 Bxc5 31. Nd5 Re6 32. c4 bxc4 33. Qxc4 Ba3 34. Rb1
Bb7 35. Qb3 Ba8 36. Nf4 Re7 37. Nd5 Rb7 38. Qxb7 Bxb7 39. Rxb7 Rc1 40. Rb1 Rxb1
41. Rxb1 Qxd5 0-1

[Event "Schachfestival 2012"]
[Site "Bad WÃ¶rishofen"]
[Date "2012.03.09"]
[Round "8.9"]
[White "Glantz, Robert"]
[Black "Vasilevich, Tatjana"]
[Result "0-1"]
[WhiteElo "2278"]
[BlackElo "2410"]
[PlyCount "64"]
[EventDate "2012.??.??"]

1. e4 c5 2. c3 e6 3. d4 d5 4. e5 Bd7 5. Nf3 a6 6. Be3 cxd4 7. cxd4 Bb5 8. Bxb5+
axb5 9. O-O b4 10. Nbd2 Ne7 11. a3 Nec6 12. axb4 Rxa1 13. Qxa1 Bxb4 14. Nb3 Nd7
15. Qb1 Be7 16. Ne1 Qb6 17. Qd1 O-O 18. Nd3 Qb5 19. f4 Nb6 20. f5 Nc4 21. Bc1
exf5 22. Rxf5 f6 23. e6 Nd6 24. Rf3 Ne4 25. Rh3 g6 26. Bh6 Ra8 27. Nf4 Nd8 28.
Re3 Ra6 29. Qc1 g5 30. Qc7 Qxb3 31. Rxe4 dxe4 32. Qxe7 Qe3+ 0-1

[Event "Schachfestival 2012"]
[Site "Bad WÃ¶rishofen"]
[Date "2012.03.09"]
[Round "8.10"]
[White "Steinbacher, Matthias"]
[Black "Pirrot, Dieter"]
[Result "1-0"]
[WhiteElo "2247"]
[BlackElo "2371"]
[PlyCount "35"]
[EventDate "2012.??.??"]

1. c4 e5 2. Nc3 Nf6 3. Nf3 Nc6 4. g3 g6 5. d4 exd4 6. Nxd4 Nxd4 7. Qxd4 Bg7 8.
Qe3+ Qe7 9. Nb5 Qxe3 10. Bxe3 Kd8 11. Bxa7 b6 12. Bg2 d5 13. cxd5 Bb7 14. O-O
Ne8 15. Rfd1 Be5 16. d6 Bxg2 17. Kxg2 Bxb2 18. Rab1 1-0

[Event "Schachfestival 2012"]
[Site "Bad WÃ¶rishofen"]
[Date "2012.03.09"]
[Round "8.12"]
[White "Meijers, Viesturs"]
[Black "Kozlov, Alexander"]
[Result "1-0"]
[WhiteElo "2490"]
[BlackElo "2170"]
[PlyCount "35"]
[EventDate "2012.??.??"]

1. e4 d6 2. d4 Nf6 3. Nc3 e5 4. Nf3 Nbd7 5. Bc4 Be7 6. O-O O-O 7. a4 c6 8. Ba2
b6 9. Qe2 Bb7 10. Rd1 Qc7 11. Nh4 exd4 12. Nf5 Rae8 13. Rxd4 c5 14. Rd1 g6 15.
Nb5 Ba6 16. Nxc7 Bxe2 17. Nxe8 gxf5 18. Nxf6+ 1-0

[Event "Schachfestival 2012"]
[Site "Bad WÃ¶rishofen"]
[Date "2012.03.09"]
[Round "8.6"]
[White "Estremera, Sergio"]
[Black "Karpatchev, Alexandr"]
[Result "0-1"]
[WhiteElo "2380"]
[BlackElo "2443"]
[PlyCount "50"]
[EventDate "2012.??.??"]

1. d4 d5 2. c4 Nc6 3. Nf3 Bg4 4. Nc3 e6 5. cxd5 exd5 6. Bf4 Bxf3 7. gxf3 Bd6 8.
Bg3 Nge7 9. e3 O-O 10. Bd3 a6 11. a3 Qd7 12. b4 f5 13. Qb3 f4 14. Nxd5 Kh8 15.
Nxf4 Bxf4 16. Bxf4 Nxd4 17. exd4 Qxd4 18. Bc1 Rxf3 19. Be3 Qxa1+ 20. Bb1 Raf8
21. Qc2 Ng6 22. O-O Qe5 23. Qe4 c6 24. Rd1 Qh5 25. Rd7 Rxe3 0-1

[Event "Schachfestival 2012"]
[Site "Bad WÃ¶rishofen"]
[Date "2012.03.09"]
[Round "8.7"]
[White "Espig, Lutz"]
[Black "Teske, Henrik"]
[Result "0-1"]
[WhiteElo "2343"]
[BlackElo "2554"]
[PlyCount "78"]
[EventDate "2012.??.??"]

1. d4 d5 2. c4 dxc4 3. Nf3 a6 4. e3 Bg4 5. Bxc4 e6 6. O-O Nf6 7. h3 Bh5 8. Be2
c5 9. Nc3 Nc6 10. a3 cxd4 11. exd4 Be7 12. Be3 O-O 13. Qb3 b5 14. Rfd1 b4 15.
axb4 Nxb4 16. Ne5 Bxe2 17. Nxe2 Nfd5 18. Nc3 Rb8 19. Qa4 Nb6 20. Qb3 Qc8 21.
Na4 Nxa4 22. Qxa4 Rb5 23. Nd3 Nxd3 24. Rxd3 Rxb2 25. Qxa6 Rb1+ 26. Kh2 Qc7+ 27.
g3 Rxa1 28. Qxa1 Rd8 29. Rc3 Qb7 30. Rc2 h5 31. h4 Qe4 32. Rc1 Bd6 33. Qa5
Qxh4+ 34. Kg1 Bxg3 35. fxg3 Qxg3+ 36. Kf1 Qf3+ 37. Bf2 Rxd4 38. Qc5 Rh4 39. Ke1
Re4+ 0-1

[Event "Schachfestival 2012"]
[Site "Bad WÃ¶rishofen"]
[Date "2012.03.09"]
[Round "8.17"]
[White "Kummerow, Heiko"]
[Black "Hornung, Hans"]
[Result "1-0"]
[WhiteElo "2372"]
[BlackElo "2126"]
[PlyCount "60"]
[EventDate "2012.??.??"]

1. e4 e6 2. d4 d5 3. Nc3 Bb4 4. e5 b6 5. Bd2 Bf8 6. Bb5+ c6 7. Ba4 a5 8. a3 Ba6
9. Nce2 Qd7 10. c3 f6 11. Nf3 Bb5 12. Bc2 c5 13. exf6 gxf6 14. O-O Nc6 15. Re1
e5 16. dxe5 fxe5 17. Nxe5 Nxe5 18. Ng3 Bd6 19. Bf4 Ne7 20. Bxe5 O-O-O 21. Bxh8
Rxh8 22. Qh5 Kb8 23. Qf7 h5 24. Re6 Qd8 25. Qf6 Nc8 26. Qxd8 Rxd8 27. Rd1 d4
28. cxd4 cxd4 29. Rxd4 Kb7 30. Nf5 Bd7 1-0

[Event "Schachfestival 2012"]
[Site "Bad WÃ¶rishofen"]
[Date "2012.03.09"]
[Round "8.19"]
[White "Calzetta, Monica"]
[Black "De Andres Gonalons, Fern"]
[Result "1-0"]
[WhiteElo "2300"]
[BlackElo "2084"]
[PlyCount "65"]
[EventDate "2012.??.??"]

1. e4 e6 2. d4 d5 3. Nd2 dxe4 4. Nxe4 Nd7 5. Nf3 Be7 6. Bd3 Ngf6 7. Nxf6+ Bxf6
8. Qe2 c5 9. d5 Nb6 10. Bb5+ Kf8 11. dxe6 Bxe6 12. O-O h6 13. c3 Qc7 14. a4 a6
15. Bd3 Re8 16. a5 Nd7 17. Re1 g6 18. Ra4 Kg7 19. Bf4 Qc6 20. Re4 Rd8 21. h3
Bf5 22. Re3 Bxd3 23. Rxd3 Rde8 24. Bxh6+ Kxh6 25. Qd2+ Kg7 26. Rxe8 Rxe8 27.
Rxd7 Re6 28. Qd5 b6 29. Qxc6 Rxc6 30. g4 g5 31. h4 Kg6 32. hxg5 Bxg5 33. Ne5+
1-0

[Event "Schachfestival 2012"]
[Site "Bad WÃ¶rishofen"]
[Date "2012.03.09"]
[Round "8.28"]
[White "Billio, Atto"]
[Black "Däubler, Heinrich"]
[Result "1-0"]
[WhiteElo "2059"]
[BlackElo "2152"]
[PlyCount "39"]
[EventDate "2012.??.??"]

1. f4 e5 2. fxe5 d6 3. Nf3 Bg4 4. e4 dxe5 5. Bb5+ c6 6. Bc4 Nd7 7. O-O Ngf6 8.
d3 Qb6+ 9. Kh1 Be7 10. Nbd2 Bh5 11. Qe1 O-O 12. Nh4 Ng4 13. Nf5 Bc5 14. Qh4
Ndf6 15. h3 Nf2+ 16. Kh2 Be2 17. Re1 N2g4+ 18. hxg4 Bf2 19. Qg5 Nxg4+ 20. Kh3
1-0

[Event "Schachfestival 2012"]
[Site "Bad WÃ¶rishofen"]
[Date "2012.03.09"]
[Round "8.33"]
[White "Rahls, Peter"]
[Black "Straub, Hermann"]
[Result "1-0"]
[WhiteElo "2235"]
[BlackElo "1989"]
[PlyCount "67"]
[EventDate "2012.??.??"]

1. e4 b6 2. d4 Bb7 3. Bd3 Nf6 4. Qe2 Nc6 5. c3 e5 6. Nf3 d6 7. O-O Be7 8. d5
Nb8 9. Nh4 g6 10. g3 Nbd7 11. f4 Nh5 12. Ng2 c6 13. c4 Qc7 14. Nc3 a6 15. Bd2
c5 16. a3 Ng7 17. Bc2 O-O 18. f5 Qd8 19. Ba4 Bc8 20. Qf3 f6 21. fxg6 hxg6 22.
Nh4 Qe8 23. Bc6 Rb8 24. Qg4 g5 25. Nf5 Nxf5 26. exf5 b5 27. cxb5 axb5 28. Ne4
Qf7 29. h4 Nb6 30. hxg5 fxg5 31. Nxg5 Bxf5 32. Nxf7+ Bxg4 33. Nh6+ Kg7 34. Nxg4
1-0

[Event "Schachfestival 2012"]
[Site "Bad WÃ¶rishofen"]
[Date "2012.03.09"]
[Round "8.35"]
[White "Mader, Manuela"]
[Black "Diotallevi, Maurizio"]
[Result "1-0"]
[WhiteElo "2201"]
[BlackElo "2030"]
[PlyCount "55"]
[EventDate "2012.??.??"]

1. e4 e6 2. d4 d5 3. Nd2 c5 4. exd5 Qxd5 5. Ngf3 cxd4 6. Bc4 Qd6 7. Qe2 Nf6 8.
Nb3 Nc6 9. Bg5 Qb4+ 10. Bd2 Qb6 11. O-O-O Be7 12. Bg5 O-O 13. Nbxd4 Nxd4 14.
Rxd4 Qc5 15. Bd3 e5 16. Qxe5 Qxe5 17. Nxe5 h6 18. Bh4 g5 19. Bg3 Nh5 20. Bc4
Nxg3 21. hxg3 Kg7 22. Nd7 Rd8 23. Rhd1 a6 24. Re4 Ba3 25. Nb6 Bf5 26. Nxa8 Rxa8
27. Re5 Bg4 28. bxa3 1-0

[Event "Schachfestival 2012"]
[Site "Bad WÃ¶rishofen"]
[Date "2012.03.09"]
[Round "8.20"]
[White "Astengo, Corrado"]
[Black "Kauch, Markus"]
[Result "1-0"]
[WhiteElo "2122"]
[BlackElo "2224"]
[PlyCount "57"]
[EventDate "2012.??.??"]

1. e4 c5 2. Nf3 Nc6 3. d4 cxd4 4. Nxd4 e5 5. Nb5 d6 6. N1c3 a6 7. Na3 b5 8. Nd5
Nge7 9. c4 Nd4 10. cxb5 Nxd5 11. exd5 Be7 12. Bd3 O-O 13. O-O f5 14. f4 axb5
15. Be3 Bf6 16. Bxd4 exd4 17. Nxb5 Qb6 18. Kh1 Bd7 19. a4 Rfe8 20. b3 Re3 21.
Na3 Qc5 22. Nc4 Re7 23. Re1 Rae8 24. Rxe7 Rxe7 25. Qd2 g6 26. b4 Qxd5 27. Nb6
Qb7 28. Nxd7 Rxd7 29. a5 1-0

[Event "Schachfestival 2012"]
[Site "Bad WÃ¶rishofen"]
[Date "2012.03.09"]
[Round "8.39"]
[White "Römhild, Marcus"]
[Black "Van Eck, Ted"]
[Result "1-0"]
[WhiteElo "2121"]
[BlackElo "2015"]
[PlyCount "32"]
[EventDate "2012.??.??"]

1. c4 Nf6 2. g3 c6 3. Nf3 g6 4. Bg2 Bg7 5. O-O O-O 6. d3 d6 7. Nc3 Nbd7 8. Bg5
h6 9. Bd2 Re8 10. b4 e5 11. e4 Nf8 12. Rb1 d5 13. Qc1 Kh7 14. cxd5 cxd5 15.
exd5 Nxd5 16. Nxd5 Qxd5 1-0

[Event "Schachfestival 2012"]
[Site "Bad WÃ¶rishofen"]
[Date "2012.03.09"]
[Round "8.47"]
[White "Ries, Berthold"]
[Black "Auschkalnis, Reinhard"]
[Result "0-1"]
[WhiteElo "1986"]
[BlackElo "1822"]
[PlyCount "88"]
[EventDate "2012.??.??"]

1. e4 c5 2. Nf3 d6 3. d4 cxd4 4. Nxd4 Nf6 5. Nc3 a6 6. Be3 e5 7. Nb3 Be6 8. f3
h5 9. Qd2 Nbd7 10. O-O-O Rc8 11. Qf2 b5 12. Kb1 Qc7 13. Nd5 Bxd5 14. exd5 Rb8
15. g3 a5 16. a3 a4 17. Nc1 Be7 18. Bg2 O-O 19. Na2 Rfe8 20. Nb4 Bf8 21. Na6
Qb7 22. Nxb8 Nxb8 23. c3 Na6 24. Qd2 Nc5 25. Bxc5 dxc5 26. f4 exf4 27. gxf4 Qb6
28. Qc2 Bd6 29. Bh3 Rb8 30. Rhg1 b4 31. axb4 cxb4 32. c4 b3 33. Qc3 Kf8 34. Qg3
g6 35. Qg5 Ng8 36. f5 Be7 37. Qd2 a3 38. fxg6 axb2 39. g7+ Ke8 40. Rge1 Ra8 41.
Qd4 Qa6 42. Qxb2 Qg6+ 43. Kc1 Ra1+ 44. Qxa1 Qc2# 0-1

[Event "Schachfestival 2012"]
[Site "Bad WÃ¶rishofen"]
[Date "2012.03.09"]
[Round "8.50"]
[White "Schmitzer, Peter"]
[Black "Malzer, Werner"]
[Result "1-0"]
[WhiteElo "2101"]
[BlackElo "1933"]
[PlyCount "27"]
[EventDate "2012.??.??"]

1. d4 d5 2. Nf3 e6 3. Bf4 Nf6 4. e3 Bd6 5. Ne5 Nbd7 6. Nd2 c6 7. Nxf7 Kxf7 8.
Bxd6 Nb6 9. Bg3 Rf8 10. Bd3 Kg8 11. O-O Qe8 12. Bd6 Rf7 13. Nf3 Nfd7 14. Bxh7+
1-0

[Event "Schachfestival 2012"]
[Site "Bad WÃ¶rishofen"]
[Date "2012.03.09"]
[Round "8.74"]
[White "Tennstedt, Andreas"]
[Black "Engl, Heinz"]
[Result "1-0"]
[WhiteElo "2186"]
[BlackElo "2072"]
[PlyCount "62"]
[EventDate "2012.??.??"]

1. c4 e6 2. Nc3 d5 3. cxd5 exd5 4. d4 c5 5. Nf3 Nc6 6. dxc5 d4 7. Na4 b5 8.
cxb6 axb6 9. e3 Bb4+ 10. Bd2 dxe3 11. fxe3 Qe7 12. Nxb6 Rb8 13. Nxc8 Rxc8 14.
Bb5 Qxe3+ 15. Qe2 Bxd2+ 16. Nxd2 Qxe2+ 17. Kxe2 Kd8 18. Bxc6 Rxc6 19. Rac1 Re6+
20. Kd3 Nf6 21. Rhe1 Rd6+ 22. Kc2 Kd7 23. Nc4 Rc8 24. b3 Nd5 25. Kb2 Rf6 26.
Rf1 Rxf1 27. Rxf1 f6 28. Rd1 Rc5 29. Rxd5+ Rxd5 30. Nb6+ Kc6 31. Nxd5 Kxd5 1-0

[Event "Schachfestival 2012"]
[Site "Bad WÃ¶rishofen"]
[Date "2012.03.09"]
[Round "8.82"]
[White "Taufratshofer, Martin"]
[Black "Reitz, Rolf"]
[Result "1-0"]
[WhiteElo "1965"]
[BlackElo "2118"]
[PlyCount "55"]
[EventDate "2012.??.??"]

1. d4 d5 2. Nf3 Nf6 3. Bf4 c6 4. h3 e6 5. e3 Nbd7 6. c3 Be7 7. Bd3 O-O 8. Nbd2
Re8 9. Ne5 c5 10. g4 Nxe5 11. dxe5 Nd7 12. Nf3 c4 13. Bc2 f6 14. exf6 Bxf6 15.
g5 Be7 16. Rg1 Nf8 17. Ne5 Bd6 18. g6 hxg6 19. Rxg6 Qh4 20. Rg3 Bxe5 21. Bxe5
Re7 22. Qe2 b5 23. O-O-O a5 24. Rdg1 Raa7 25. Rg5 Rf7 26. f4 Ba6 27. Rh5 Qe7
28. Rh6 1-0

[Event "Schachfestival 2012"]
[Site "Bad WÃ¶rishofen"]
[Date "2012.03.09"]
[Round "8.83"]
[White "Bangert, Rüdiger"]
[Black "Sauerwein, Martin"]
[Result "1-0"]
[WhiteElo "1685"]
[BlackElo "1641"]
[PlyCount "51"]
[EventDate "2012.??.??"]

1. d4 d5 2. c4 c6 3. cxd5 cxd5 4. Nc3 Bf5 5. Nf3 Nc6 6. e3 Nf6 7. Bb5 Qc7 8. h3
a6 9. Bxc6+ Qxc6 10. Ne5 Qc7 11. Qa4+ Bd7 12. Qb3 e6 13. O-O Bd6 14. f4 O-O 15.
Bd2 Bxe5 16. fx

[Event "Schachfestival 2012"]
[Site "Bad Wörishofen"]
[Date "2012.03.10"]
[Round "9.1"]
[White "Karpatchev, Alexandr"]
[Black "Pap, Misa"]
[Result "1/2-1/2"]
[WhiteElo "2443"]
[BlackElo "2501"]
[PlyCount "85"]
[EventDate "2012.??.??"]

1. e4 e5 2. Nf3 Nc6 3. Bb5 Nf6 4. O-O Bc5 5. Nxe5 Nxe4 6. Nf3 O-O 7. d4 Bb6 8.
d5 Ne7 9. Bd3 Nf6 10. d6 Ng6 11. Nc3 h6 12. Bxg6 fxg6 13. Qd3 Ne8 14. Nd5 Nxd6
15. Bxh6 Rxf3 16. Qxf3 gxh6 17. Rae1 Bd4 18. Ne7+ Kh7 19. Qd3 Bg7 20. Nxg6 Qf6
21. Ne7+ Kh8 22. Re3 b6 23. Ng6+ Kg8 24. Rf3 Qe6 25. Re3 Qf6 26. Ne7+ Kh8 27.
Nd5 Qd8 28. Ne7 Bb7 29. Rfe1 Nf7 30. Ng6+ Kg8 31. Re7 Ng5 32. Rxd7 Qf6 33. h4
Ne6 34. Ne7+ Kh8 35. Ng6+ Kg8 36. Ne7+ Kh8 37. Nd5 Nc5 38. Qg3 Bxd5 39. Rxd5
Qxb2 40. Qxc7 Qxa2 41. Rd6 Qxc2 42. Qc6 Rf8 43. Rxh6+ 1/2-1/2

[Event "Schachfestival 2012"]
[Site "Bad WÃ¶rishofen"]
[Date "2012.03.10"]
[Round "9.5"]
[White "Teske, Henrik"]
[Black "Melamed, Tetyana"]
[Result "1-0"]
[WhiteElo "2554"]
[BlackElo "2347"]
[PlyCount "63"]
[EventDate "2012.??.??"]

1. d4 Nf6 2. c4 g6 3. g3 Bg7 4. Bg2 O-O 5. e4 c5 6. d5 d6 7. Ne2 a6 8. O-O b5
9. Nd2 Nbd7 10. a4 Nb6 11. axb5 axb5 12. Rxa8 Nxa8 13. cxb5 Bd7 14. Nc3 Qa5 15.
e5 dxe5 16. Nc4 Qc7 17. Re1 Rd8 18. Nxe5 Nb6 19. Bf4 Nh5 20. Nxf7 Nxf4 21. Nxd8
Nxg2 22. Ne6 Qd6 23. Kxg2 Bxc3 24. bxc3 Nxd5 25. Ng5 Bxb5 26. c4 Bxc4 27. Qa4
Qf6 28. Qxc4 Qxg5 29. f4 Qf5 30. Rxe7 Kf8 31. Re2 Kg7 32. Qe4 1-0

[Event "Schachfestival 2012"]
[Site "Bad WÃ¶rishofen"]
[Date "2012.03.10"]
[Round "9.7"]
[White "Zubarev, Alexander"]
[Black "Estremera, Sergio"]
[Result "1-0"]
[WhiteElo "2597"]
[BlackElo "2380"]
[PlyCount "60"]
[EventDate "2012.??.??"]

1. d4 Nf6 2. Nf3 d5 3. c4 e6 4. Nc3 Bb4 5. Qa4+ Nc6 6. Bg5 h6 7. Bxf6 Qxf6 8.
e3 O-O 9. Be2 dxc4 10. O-O a6 11. Bxc4 Bxc3 12. bxc3 e5 13. Be2 Be6 14. Rab1
Bd5 15. Nd2 Qg6 16. Bf3 b5 17. Qa3 e4 18. Be2 f5 19. c4 bxc4 20. Qc5 Rad8 21.
Bxc4 Bxc4 22. Qxc4+ Kh8 23. Qxa6 f4 24. Kh1 Rd6 25. Qb7 Rf5 26. Nxe4 f3 27. Rg1
Re6 28. gxf3 Qh5 29. Nd2 Rxf3 30. Qxc7 Ne7 1-0

[Event "Schachfestival 2012"]
[Site "Bad Wörishofen"]
[Date "2012.03.10"]
[Round "9.8"]
[White "Meister, Jakob"]
[Black "Kummerow, Heiko"]
[Result "0-1"]
[WhiteElo "2494"]
[BlackElo "2372"]
[PlyCount "71"]
[EventDate "2012.??.??"]

1. e4 e6 2. d4 d5 3. Nc3 Bb4 4. e5 c5 5. Bd2 Ne7 6. f4 O-O 7. Nf3 Nbc6 8. dxc5
Bxc5 9. Bd3 f6 10. Na4 Bb4 11. c3 Ba5 12. Qc2 h6 13. O-O Bc7 14. Rae1 a6 15.
Nc5 Bb6 16. b4 Qc7 17. Be3 Ba7 18. Bf2 b6 19. Nb3 Bd7 20. Qd2 Qb7 21. exf6 Rxf6
22. Nbd4 Raf8 23. Bh4 Rxf4 24. Nxe6 Bxe6 25. Rxe6 b5+ 26. Kh1 Bb8 27. Rfe1 Nf5
28. Bf2 Nd6 29. Bc5 Qd7 30. Bc2 d4 31. cxd4 Nd8 32. Re7 Qg4 33. Qd3 Nf5 34. Re8
Rxe8 35. Rxe8+ Kf7 36. Rxd8 0-1

[Event "Schachfestival 2012"]
[Site "Bad WÃ¶rishofen"]
[Date "2012.03.10"]
[Round "9.13"]
[White "Graf, Felix"]
[Black "Lampert, Jonas"]
[Result "1-0"]
[WhiteElo "2378"]
[BlackElo "2203"]
[PlyCount "79"]
[EventDate "2012.??.??"]

1. d4 d5 2. c4 c6 3. e3 Nf6 4. Nc3 e6 5. Nf3 Nbd7 6. Qc2 Bd6 7. b3 O-O 8. Bd3
e5 9. cxd5 cxd5 10. Nb5 Bb8 11. dxe5 Nxe5 12. Nxe5 Bxe5 13. Bb2 Qa5+ 14. Bc3
Bxc3+ 15. Qxc3 Qxc3+ 16. Nxc3 Be6 17. Ke2 a6 18. Rac1 Rfe8 19. Kd2 Ng4 20. f3
Ne5 21. Ne2 Nc6 22. Rc5 Red8 23. Kc3 Rac8 24. Nd4 Bd7 25. Nxc6 Bxc6 26. Kd4 Kf8
27. Rhc1 Ke7 28. a4 Bd7 29. Rxc8 Rxc8 30. Rxc8 Bxc8 31. Kc5 f5 32. a5 Ke6 33.
f4 g6 34. b4 h6 35. g3 g5 36. Bf1 gxf4 37. gxf4 Bd7 38. Kb6 Bc6 39. Bxa6 bxa6
40. Kxc6 1-0

[Event "Schachfestival 2012"]
[Site "Bad WÃ¶rishofen"]
[Date "2012.03.10"]
[Round "9.16"]
[White "Kugelmann, Werner"]
[Black "Buchal, Stephan"]
[Result "0-1"]
[WhiteElo "2171"]
[BlackElo "2330"]
[PlyCount "112"]
[EventDate "2012.??.??"]

1. d4 g6 2. c4 Bg7 3. Nc3 d6 4. Nf3 Nf6 5. e4 O-O 6. Be2 e5 7. dxe5 dxe5 8.
Qxd8 Rxd8 9. Bg5 Re8 10. O-O-O h6 11. Bh4 Na6 12. Rhe1 Nh5 13. Rd8 Rxd8 14.
Bxd8 Bg4 15. Be7 Nf4 16. Bf1 Re8 17. Ba3 Bxf3 18. gxf3 Bf8 19. Bxf8 Kxf8 20.
Rd1 c6 21. Ne2 Nxe2+ 22. Bxe2 Nc5 23. Bf1 Ne6 24. Rd7 Re7 25. Rd3 Ke8 26. Ra3
b6 27. Bh3 Nf4 28. Bf1 c5 29. Re3 Kd7 30. Kc2 Kc6 31. Kc1 Rd7 32. Kc2 Rd6 33.
Kc1 Rf6 34. Kd2 Ne6 35. Be2 Rf4 36. Bd1 Nd4 37. Ke1 Rh4 38. Kf1 Rxh2 39. Kg1
Rh4 40. a3 Rf4 41. Kg2 Rf6 42. b4 Rd6 43. Kg3 f5 44. Re1 f4+ 45. Kg2 Kd7 46.
Ba4+ Ke7 47. Rd1 Ne6 48. Rxd6 Kxd6 49. b5 Nd4 50. Bd1 Ke6 51. Kh3 Kf7 52. Kg2
Kf6 53. Kh2 Kg5 54. Kg2 Kh4 55. Kh2 g5 56. Kg2 h5 0-1